The structure of scientific revolutions / (Record no. 3898)

MARC details
000 -LEADER
fixed length control field 02407cam a2200445 4500
001 - CONTROL NUMBER
control field 93075
003 - CONTROL NUMBER IDENTIFIER
control field OCoLC
005 - DATE AND TIME OF LATEST TRANSACTION
control field 20181123174335.0
008 - FIXED-LENGTH DATA ELEMENTS--GENERAL INFORMATION
fixed length control field 701005s1970 ilu b 000 0 eng
010 ## - LIBRARY OF CONGRESS CONTROL NUMBER
LC control number 70107472
020 ## - INTERNATIONAL STANDARD BOOK NUMBER
International Standard Book Number 0226458032
020 ## - INTERNATIONAL STANDARD BOOK NUMBER
International Standard Book Number 9780226458038
020 ## - INTERNATIONAL STANDARD BOOK NUMBER
International Standard Book Number 0226458040 (pbk.)
020 ## - INTERNATIONAL STANDARD BOOK NUMBER
International Standard Book Number 9780226458045 (pbk.)
035 ## - SYSTEM CONTROL NUMBER
System control number .b11662839
035 ## - SYSTEM CONTROL NUMBER
System control number (OCoLC)93075
Canceled/invalid control number (OCoLC)1033926
-- (OCoLC)1070294
-- (OCoLC)1718439
-- (OCoLC)4862704
-- (OCoLC)8342870
-- (OCoLC)14433321
-- (OCoLC)26567477
-- (OCoLC)40914720
-- (OCoLC)42817410
-- (OCoLC)76823293
040 ## - CATALOGING SOURCE
Original cataloging agency DLC
Language of cataloging eng
Transcribing agency DLC
Modifying agency IHS
-- YNG
-- LFM
-- NLM
-- VBM
-- CNB
-- EEM
-- FIL
-- CWS
-- EL$
-- MUQ
-- NLGGC
-- BTCTA
-- YDXCP
-- AGL
-- WY@
-- IAK
-- VPI
-- HEBIS
-- DEBBG
-- BHL
-- TPH
-- GBVCP
-- SJE
-- OCLCF
050 00 - LIBRARY OF CONGRESS CALL NUMBER
Classification number Q175
Item number .K95 1970
060 00 - NATIONAL LIBRARY OF MEDICINE CALL NUMBER
Classification number Q 175
Item number K96s 1970
070 0# - NATIONAL AGRICULTURAL LIBRARY CALL NUMBER
Classification number Q175
Item number .K95 1970
082 00 - DEWEY DECIMAL CLASSIFICATION NUMBER
Classification number 501
Item number K96S
100 1# - MAIN ENTRY--PERSONAL NAME
Personal name Kuhn, Thomas S
245 14 - TITLE STATEMENT
Title The structure of scientific revolutions /
Statement of responsibility, etc. by Thomas S. Kuhn
250 ## - EDITION STATEMENT
Edition statement 2nd ed., enl
260 ## - PUBLICATION, DISTRIBUTION, ETC.
Place of publication, distribution, etc. Chicago :
Name of publisher, distributor, etc. University of Chicago Press,
Date of publication, distribution, etc. 1970
300 ## - PHYSICAL DESCRIPTION
Extent xii, 210 p. ;
Dimensions 24 cm
490 1# - SERIES STATEMENT
Series statement International encyclopedia of unified science. Foundations of the unity of science, v. 2, no. 2
504 ## - BIBLIOGRAPHY, ETC. NOTE
Bibliography, etc. note Includes bibliographical references
505 0# - FORMATTED CONTENTS NOTE
Formatted contents note Introduction: A role for history -- The route to normal science -- The nature of normal science -- Normal science as puzzle-solving -- The priority of paradigms -- Anomaly and the emergence of scientific discoveries -- Crisis and the emergence of scientific theories -- The response to crisis -- The nature and necessity of scientific revolutions -- Revolutions as changes of world view -- The invisibility of revolutions -- The resolution of revolutions -- Progress through revolutions -- Postscript: 1969
520 ## - SUMMARY, ETC.
Summary, etc. An analysis of the history of science. Its publication was a landmark event in the sociology of knowledge, and popularized the terms paradigm and paradigm shift
650 #0 - SUBJECT ADDED ENTRY--TOPICAL TERM
Topical term or geographic name entry element Science
General subdivision Philosophy
650 #0 - SUBJECT ADDED ENTRY--TOPICAL TERM
Topical term or geographic name entry element Science
General subdivision History
650 #2 - SUBJECT ADDED ENTRY--TOPICAL TERM
Topical term or geographic name entry element Philosophy
650 #2 - SUBJECT ADDED ENTRY--TOPICAL TERM
Topical term or geographic name entry element Science
General subdivision history
650 #2 - SUBJECT ADDED ENTRY--TOPICAL TERM
Topical term or geographic name entry element Science
655 #7 - INDEX TERM--GENRE/FORM
Genre/form data or focus term History.
Source of term fast
Authority record control number or standard number (OCoLC)fst01411628
776 08 - ADDITIONAL PHYSICAL FORM ENTRY
Relationship information Online version:
Main entry heading Kuhn, Thomas S.
Title Structure of scientific revolutions.
Edition 2nd ed., enl.
Place, publisher, and date of publication Chicago : University of Chicago Press, 1970
Record control number (OCoLC)622899589
830 #0 - SERIES ADDED ENTRY--UNIFORM TITLE
Uniform title International encyclopedia of unified science ;
Volume/sequential designation v. 2, no. 2
942 ## - ADDED ENTRY ELEMENTS (KOHA)
Source of classification or shelving scheme Dewey Decimal Classification
Koha item type Books
Holdings
Withdrawn status Lost status Source of classification or shelving scheme Damaged status Not for loan Collection code Home library Current library Shelving location Date acquired Cost, normal purchase price Total Checkouts Full call number Barcode Date last seen Price effective from Koha item type
    Dewey Decimal Classification     Non-fiction Harvest Mission College Harvest Mission College General Stacks 23.11.2018 400.00   501 K96S 004505 23.11.2018 23.11.2018 Books

OPAC Designed and Maintained by HMC Library Team.
Copyright © HMC Library,Greater Noida, UP.
For any Suggestions/Query Contact library via Email:libhmc@gmail.com